ბათუმის შოთა რუსთაველის სახელმწიფო უნივერსიტეტის ბიბლიოთეკა

არილი. №2 აპრილი 2014 (ბიბ.ჩანაწერი № 44913)

000 -LEADER
fixed length control field 00610nam a2200181Ia 4500
001 - CONTROL NUMBER
control field 11733
003 - CONTROL NUMBER IDENTIFIER
control field GE_BSU
008 - FIXED-LENGTH DATA ELEMENTS--GENERAL INFORMATION
fixed length control field 181216s||||||||xx |||||||||||||| ||und||
040 ## - CATALOGING SOURCE
Transcribing agency GE_BSU
245 ## - TITLE STATEMENT
Title არილი. №2 აპრილი 2014
245 ## - TITLE STATEMENT
Remainder of title საზოგადოებრივ–ლიტერატურული ჟურნალი
245 ## - TITLE STATEMENT
Statement of responsibility, etc. რედ. მალხაზ ხარბედია.შადიმან შამანაძე
260 ## - PUBLICATION, DISTRIBUTION, ETC.
Place of publication, distribution, etc. თბილისი
260 ## - PUBLICATION, DISTRIBUTION, ETC.
Date of publication, distribution, etc. 2014
300 ## - PHYSICAL DESCRIPTION
Extent 80გვ.30სმ.
653 ## - INDEX TERM--UNCONTROLLED
Uncontrolled term არილი
942 ## - ADDED ENTRY ELEMENTS (KOHA)
Koha item type პერიოდიკა
ეგზემპლარები
Withdrawn status Lost status Damaged status Not for loan Date acquired Barcode Date last seen Price effective from Koha item type
        2018-12-17 p76471 2018-12-17 2018-12-17 პერიოდიკა